| 000 | 00462nam a2200157Ia 4500 | ||
|---|---|---|---|
| 005 | 20250526024354.0 | ||
| 008 | 240331s9999 xx 000 0 und d | ||
| 020 | _a9552008395 | ||
| 082 |
_a302.232 _bMAH |
||
| 100 | _aMahendra, S | ||
| 245 | 0 | _aW.A. Silvageaprakata keti nirmana saha sannivedana satahan | |
| 260 |
_aColombo _bS. Godake & Brothers _c1992 |
||
| 300 | _a96 p ., | ||
| 500 | _aRare short creations and communication nots of W.A. silva | ||
| 942 | _cL | ||
| 999 |
_c1278 _d1278 |
||